000 00948nam a2200253Ia 4500
003 OSt
005 20221005111453.0
006 a|||||r|||| 00| 0
007 ta
008 221004b |||||||| |||| 00| 0 hin d
020 _a9788189997342 (hbk)
_c395
024 _a100925
037 _b377, 04/03/2010, Swaraj Prakashan
_cTextual
040 _aCRL
_cCRL
_bhin
041 _2hin
_ahin
082 _a4,1, 152P9
100 _aरैणा, गौरीशंकर
245 0 _aदृश्य - श्रव्य माध्यम
_b कला एंव तकनीक
246 _aDṛushya - shravya mādhyama: kalā eanva takanīka
260 _aनई दिल्ली
_bश्री नटराज प्रकाशन भारत
_c2009
300 _a175पृ0
_ccm.
942 _h4,1, 152P9
_cTEXL
_2cc
999 _c1021934
_d1021934